NHL Teams in Order of Instagram Followers - Statistics

General Stats
  • This quiz has been taken 128 times
  • The average score is 17 of 32
Answer Stats
Followers Division Team % Correct
2.2m Metropolitan Pittsburgh Penguins
94%
1.5m Central Chicago Blackhawks
82%
1.4m Atlantic Boston Bruins
81%
1.1m Metropolitan New York Rangers
72%
1.2m Atlantic Toronto Maple Leafs
71%
919k Metropolitan Washington Capitals
68%
872k Atlantic Montreal Canadiens
64%
759k Pacific Edmonton Oilers
57%
827k Atlantic Detroit Red Wings
56%
674k Pacific Los Angeles Kings
54%
685k Metropolitan Philadelphia Flyers
53%
724k Atlantic Tampa Bay Lightning
53%
738k Pacific Vegas Golden Knights
52%
607k Central Colorado Avalanche
50%
663k Central St. Louis Blues
50%
556k Pacific Vancouver Canucks
49%
543k Pacific San Jose Sharks
48%
531k Central Dallas Stars
45%
528k Central Minnesota Wild
44%
501k Pacific Seattle Kraken
44%
436k Pacific Calgary Flames
43%
448k Central Nashville Predators
42%
411k Pacific Anaheim Ducks
41%
416k Metropolitan New York Islanders
41%
439k Central Winnipeg Jets
41%
432k Metropolitan Carolina Hurricanes
40%
313k Central Arizona Coyotes
39%
402k Metropolitan Columbus Blue Jackets
39%
398k Metropolitan New Jersey Devils
39%
316k Atlantic Florida Panthers
38%
339k Atlantic Ottawa Senators
38%
420k Atlantic Buffalo Sabres
37%
No matching quizzes found
Score Distribution
Percent of People with Each Score
Percentile by Number Answered
Your Score History
You have not taken this quiz